000 00283nam a22001337a 4500
008 170405b xxu||||| |||| 00| 0 eng d
020 _ax0007oq4pz
041 _aeng
080 _a574
100 _a9
101 _aSHM
245 _aCHANGING ENVIROMENT
_cBROWN.J.R
942 _2udc
_cBK
999 _c9701
_d9701